[Event "Capablanca Memorial Elite 31st"]
[Site "Cienfuegos"]
[Date "1996.??.??"]
[Round "13"]
[White "Garcia Ilundain, David"]
[Black "Garcia, Gildardo"]
[Result "1-0"]
[WhiteElo "2550"]
[BlackElo "2525"]
[Annotator "Ftacnik,L"]
[PlyCount "69"]
[EventDate "1996.05.??"]
[EventType "tourn"]
[EventRounds "13"]
[EventCountry "CUB"]
[EventCategory "12"]
[SourceTitle "CBM 054"]
[Source "ChessBase"]
[SourceDate "1996.10.01"]
[SourceVersion "1"]
[SourceVersionDate "1996.10.01"]
[SourceQuality "1"]

1. d4 {Kanstler} Nf6 2. Nf3 e6 3. c4 Bb4+ 4. Bd2 Qe7 5. g3 Nc6 6. Bg2 Bxd2+ 7.
Nbxd2 d6 8. Nf1 (8. O-O {Kanstler} a5 (8... O-O 9. Qc2 a5 10. Qc3 e5 11. d5 Nb8
12. e4 Nbd7 13. Ne1 Nc5 14. b3 Bg4 15. Nc2 c6 16. Rae1 cxd5 17. exd5 Qd7 18. f4
exf4 19. Rxf4 Rfe8 $13 {Van Riemsdijk,H-Milos,G/USA/1995/}) 9. e4 e5 10. d5 Nb8
11. Ne1 O-O (11... h5 12. h3 (12. h4 O-O 13. Nd3 Na6 14. a3 Bg4 15. Qe1 a4 16.
Qe3 c6 17. Rac1 Rfc8 18. c5 $1 Nxc5 19. Nxc5 dxc5 20. Nc4 $44 {Bykhovsky,
Av-Finkel,A/ISR/1994/0:1/43/}) 12... h4 13. g4 Nbd7 14. Nd3 b6 (14... g5 15. b3
Nc5 16. Ne1 Bd7 17. a3 b5 18. b4 Nb7 19. Nc2 O-O 20. Ne3 $16 {Zilberberg-Stoh/
corr/9295/1:0/50/Inf 450/64/}) 15. Qc2 Nc5 16. Nxc5 bxc5 17. f4 Nd7 18. f5 $16
{Ivanchuk,V-Hernandez,Rom/Luzern/1989}) 12. Nd3 Na6 13. a3 Bd7 (13... Bg4 14.
f3 Bd7 15. b4 c6 16. Qb3 $6 (16. bxa5 $5 cxd5 17. cxd5 Bb5 18. Qb3 Nc7 19. Nc4
Ba6 $6 (19... Bxc4 20. Qxc4 Rxa5 21. Rfb1 $14) 20. a4 $16 {Notkin,M-Karpeshov,
O/RUS/1995/}) 16... cxd5 17. cxd5 axb4 18. axb4 Nc7 19. Qb2 Bb5 20. Ra3 Rxa3
$15 {Skembris,S-Beliavsky,A/YUG/1994/0:1/35/}) 14. f4 Bg4 15. Bf3 (15. Qe1 $32)
15... Bxf3 16. Qxf3 Nd7 17. b4 $6 (17. b3 $5) 17... c6 18. Qe3 exf4 19. gxf4
cxd5 20. cxd5 axb4 21. axb4 Nc7 22. Qd4 Nf6 $15 {Cosma,-Gertic,/YUG/1995/0:1/
45/}) 8... O-O (8... d5 9. a3 (9. Ne3 Qb4+ 10. Qd2 a5 11. Rc1 O-O 12. a3 Qxd2+
13. Kxd2 Ne4+ 14. Ke1 Rd8 15. Rd1 Ra6 16. Ne5 Nf6 17. f4 Rb6 18. Rd2 h5 19. Kf2
Nxe5 20. dxe5 d4 21. Ke1 Nh7 22. Nd1 {1/2-1/2 Zysk,R-Hecht,H/BL 8889/1989/ (41)
}) 9... O-O 10. Ne3 Rd8 11. Qc2 a5 12. O-O a4 13. Rfd1 Qd6 14. Rac1 Bd7 15. Ng5
g6 16. Nh3 Rdc8 17. Nf4 Ne7 18. Qb1 c6 19. Nd3 b5 20. c5 Qc7 21. Nc2 {Itkis,
B-Ilinsky,V/Frunze op/1989/1-0 (56)}) (8... e5 9. Ne3 Nxd4 (9... e4 $6 {
Kanstler} 10. Nd2 Nxd4 $6 11. Nxe4 $14) 10. Nxd4 exd4 11. Qxd4 Qe5 12. Rd1 Qa5+
13. Kf1 O-O 14. a3 Rb8 15. h3 Be6 16. Nd5 Nd7 17. Be4 Kh8 18. Bxh7 Bxd5 19. Qh4
Nf6 20. Bc2+ Kg8 21. Rxd5 Qb6 22. Rg5 Qxb2 23. Qh6 {1-0 Zak,U-Liss,E/Tel
Aviv-B (08)/1991/}) 9. Ne3 e5 10. O-O (10. Rc1 Re8 11. d5 Nb8 12. b4 a5 13. a3
Ng4 14. Nxg4 Bxg4 15. Nd2 Na6 16. Rb1 h5 17. h3 Bd7 18. h4 g6 19. O-O Kg7 20.
Qc2 Bg4 21. e3 {1-0 Gleizerov,E-Gasimov,R/St.Petersburg op (03)/1994/ (35)})
10... Re8 (10... Rd8 11. Re1 a5 12. Nd5 Nxd5 13. cxd5 Nb4 14. Nd2 exd4 15. a3
Na6 16. Nb3 a4 17. Nxd4 Nc5 18. e4 Re8 19. f4 Qf6 20. Rc1 Bd7 21. e5 dxe5 22.
fxe5 Rxe5 23. Rxe5 Qxe5 24. Rxc5 Qe3+ 25. Kh1 Bg4 26. Qg1 {1-0 Gleizerov,
E-Sandstrom,L/Rilton Cup9495 (03)/1994/}) (10... a5 11. Rc1 Re8 (11... Rd8 12.
a3 a4 13. Nd5 Nxd5 14. cxd5 Nb8 15. e3 Bg4 16. h3 Bh5 17. Qc2 c6 18. Nh4 Ra6
19. Rfe1 Qf6 20. Qf5 Qxf5 21. Nxf5 Kf8 {1/2-1/2 Garcia Ilundain,D-Suarez,Di/
ESP-chT (08) ;EXP 50 1995 (31)}) 12. b3 e4 $1 13. Nh4 $6 g6 $1 14. Qd2 Nb8 15.
c5 d5 16. Rce1 Nc6 17. f3 Qd8 18. Nc2 b6 19. cxb6 cxb6 $15 {Christiansen,
L-Adams,M/Biel (06)/1991/0-1 (48)}) (10... e4 $6 {Kanstler} 11. Nd2 (11. Ne1 $5
) 11... Nxd4 $6 12. Nxe4 Nxe2+ $4 13. Qxe2 Nxe4 14. Nd5 $18) 11. Rc1 (11. Re1
e4 12. Nd2 Nb8 13. f3 exf3 14. exf3 Qd8 15. Qb3 Nc6 16. Qc3 Bd7 17. Rad1 Ne7
18. Ne4 Nf5 19. Nxf6+ Qxf6 20. Nd5 Rxe1+ 21. Rxe1 Qxd4+ 22. Qxd4 Nxd4 23. Nxc7
Rc8 24. Rd1 {1/2-1/2 Zak,U-Mednis,E/Cannes op/1989/ (27)}) 11... exd4 (11... e4
$5 12. Nd2 Nxd4 13. Nxe4 Qe5 14. Nxf6+ Qxf6 $10) 12. Nxd4 Bd7 (12... Nxd4 13.
Qxd4 Qe5 14. Qd2) 13. Nb5 Rac8 (13... Be6 $2 14. Nd5 $18) 14. a3 (14. Nd5 $6
Nxd5 15. cxd5 Ne5 16. Nxc7 $6 (16. Nd4 c5 $132) 16... Rf8 $17) 14... Qe5 (14...
a6 15. Nc3 Qe5) 15. Nd5 Qxb2 (15... Nxd5 16. cxd5 Nd8 (16... Bg4 17. f3 Bh5 18.
e4 $16) (16... Ne7 17. Nxc7 Red8 18. Qb3 $16) 17. Nxa7 Ra8 18. Rxc7 Re7 19. Nc6
bxc6 20. dxc6 Be8 21. Rxe7 Qxe7 22. c7 Nc6 23. b4 $14) (15... Qxe2 {Kanstler}
16. Nbxc7 Qxd1 17. Rfxd1 Red8 18. Nxf6+ gxf6 19. Nb5 $16) 16. Nbxc7 Nxd5 (16...
Rxe2 17. Nxf6+ (17. Rb1 Qd2 (17... Qe5 $2 18. Nxf6+ gxf6 19. Rb5 Qe7 20. Nd5
$18) 18. Nxf6+ gxf6 19. Nd5 $16) 17... gxf6 18. Rb1 (18. Qxd6 {Kanstler} Qe5
19. Qxd7 Rxc7 20. Qg4+ $16) (18. Nd5 $16) 18... Qc2 19. Rxb7 $16) 17. Nxe8 $1
Nc3 (17... Rxe8 18. cxd5 Nd4 19. Rc7 $16) 18. Rxc3 (18. Qc2 {Kanstler} Nxe2+
19. Kh1 Qxc2 20. Rxc2 Ned4 $19) 18... Qxc3 19. Nxd6 Rb8 20. Nxf7 (20. Nxb7 Ne5
(20... Rxb7 21. Bxc6 $18) 21. c5 $14) 20... Be8 (20... Kxf7 21. Qxd7+) (20...
Be6 21. Ng5 Bxc4 22. Bd5+ $18) 21. Nd6 Qxa3 22. Qd5+ Kh8 (22... Kf8 23. Qf5+
Ke7 24. Nxe8 $18) 23. Rb1 (23. Qe6 $1 Nd4 (23... Bg6 24. Nxb7 $18) 24. Qe7
Nxe2+ 25. Kh1 $1 $18) 23... Qa2 (23... Rd8 24. c5 b6 25. Qg5 $18) 24. Re1 (24.
Rxb7 $2 {Kanstler} Rxb7 25. Nxb7 Qb1+ $19) 24... Qb2 25. Be4 Qf6 (25... Rd8 26.
c5) 26. Bxh7 $1 (26. Nxe8 {Kanstler} Rxe8 27. Bxh7 Rd8 28. Qh5 $18) 26... Kxh7
(26... Ne7 {Kanstler} 27. Nxe8 Rxe8 28. Qh5 $18) 27. Nxe8 Qg6 (27... Rxe8 28.
Qh5+ $18) 28. Nd6 Nb4 29. Qc5 a5 (29... Nc2 30. Rd1 Rd8 31. Rd5 $18) 30. Rd1 b6
31. Qb5 (31. Qc7 Qc2) 31... Na2 32. Qe5 a4 (32... Rd8 33. Rd4 $18) 33. Rd4 Nb4
34. Rh4+ Kg8 35. Nf5 (35. Nf5 Rb7 36. Ne7+ Rxe7 37. Qxe7 $18) 1-0

[Event "Bundesliga 0203"]
[Site "Germany"]
[Date "2002.12.14"]
[Round "5.2"]
[White "Ftacnik, Lubomir"]
[Black "Berndt, Stephan"]
[Result "0-1"]
[WhiteElo "2602"]
[BlackElo "2482"]
[Annotator "Ftacnik,L"]
[PlyCount "79"]
[EventDate "2002.10.19"]
[EventType "team-tourn"]
[EventRounds "15"]
[EventCountry "GER"]
[SourceTitle "CBM 093"]
[Source "ChessBase"]
[SourceDate "2003.04.01"]
[SourceVersion "1"]
[SourceVersionDate "2003.04.01"]
[SourceQuality "1"]
[WhiteTeam "Hamburger SK"]
[BlackTeam "Neukoelln"]
[WhiteTeamCountry "GER"]
[BlackTeamCountry "GER"]

1. d4 d5 2. c4 e6 3. Nf3 Nf6 4. g3 Bb4+ 5. Bd2 Be7 6. Qb3 O-O 7. Bg2 Nbd7 8.
cxd5 exd5 9. O-O Nb6 10. Bb4 {White is exchanging the good bishop of the
opponent, but black has very solid position.} Bxb4 11. Qxb4 Re8 12. Nc3 a5 13.
Qb3 Ne4 14. Rac1 (14. e3 a4 15. Qb4 a3 16. bxa3 Nxc3 17. Qxc3 Nc4 18. Nd2 Rxa3
19. Qc1 $11) 14... Nxc3 15. Qxc3 c6 16. Rfe1 (16. e3 Bf5 $11) 16... Nc4 17. b3
(17. a4 Qf6 18. Nd2 $11) 17... Nd6 18. Nd2 Bf5 19. a4 Bg6 20. f3 $6 {The first
player will not be able to build ambitious pawn center this mistaken concept
promises black nice attacking targets.} (20. e3 Qf6 $11) 20... Nf5 21. e3 h5 $1
22. Kf2 (22. Bh3 Qf6 (22... Nd6 23. Bg2 Nf5 (23... Qf6 24. e4 $14) 24. Bh3 $11)
23. Bxf5 Bxf5 24. e4 Be6 $11) 22... Qf6 23. Bf1 (23. Bh3 Nd6 24. Kg1 Re7 $15)
23... Re7 24. Bd3 h4 25. g4 $2 (25. Nf1 hxg3+ 26. hxg3 Nd6 27. Bxg6 Qxg6 28.
Kg2 Re6 29. Qc5 Nf5 $15) 25... Nxe3 $1 26. Bxg6 (26. Rxe3 Rxe3 27. Kxe3 Re8+
28. Kf2 Qf4 29. Kg2 (29. Bxg6 Qxh2+ 30. Kf1 Re2 $19) 29... Re3 30. Qxa5 h3+ 31.
Kxh3 Qh6+ 32. Kg3 Rxd3 33. Rc2 Rxd4 $17) 26... Rae8 $3 {[%mdl 128] Very nice
idea as black now has tremendous attack for rather modest material investment.}
(26... Nxg4+ 27. Kg2 Rxe1 28. Rxe1 Qxg6 29. fxg4 Qxg4+ 30. Kf1 $14) 27. Be4 (
27. Bf5 Qd6 $1 (27... g6 28. Bd7 Qf4 29. Nf1 Nxf1 30. Bxe8 Qxh2+ 31. Kxf1 Qh1+
32. Kf2 Qh2+ $11) 28. Nf1 Nxf1 29. Rxe7 Qxh2+ 30. Kxf1 Rxe7 31. Re1 (31. Qc2
Qf4 32. Kg1 g6 33. Bd3 Re3 $19) 31... Qh3+ 32. Kf2 Qg3+ 33. Kf1 Rxe1+ 34. Qxe1
Qxf3+ 35. Qf2 Qxb3 36. Qxh4 g6 37. Bc8 Qxa4 $17) 27... Nxg4+ 28. Kg1 (28. Kg2
dxe4 29. fxg4 e3 30. Rf1 h3+ 31. Kg1 exd2 $19) 28... dxe4 29. fxg4 e3 30. Rf1 (
30. Nc4 Qf2+ 31. Kh1 h3 32. Rc2 e2 33. Rg1 Re3 $19) 30... exd2 $1 {The
position is already lost for white, but this elegant small combination just
finishes the fight.} (30... Qg6 31. Nf3 Qxg4+ 32. Kh1 e2 (32... h3 33. Ne1 Re6
$17) 33. Rg1 Qf4 34. d5 g6 $19) 31. Rxf6 (31. Qxd2 Qe6 32. Qd1 Qe3+ 33. Kh1 Re4
$19) 31... dxc1=Q+ 32. Qxc1 Re1+ 33. Rf1 (33. Qxe1 Rxe1+ 34. Kf2 gxf6 35. Kxe1
Kg7 36. Ke2 Kg6 37. Kf3 Kg5 38. h3 f5 $19) 33... Rxc1 34. Rxc1 Re4 35. h3 (35.
Rd1 Rxg4+ 36. Kf1 Rg5 $19) 35... Rxd4 36. Rc5 Rd3 37. Rxa5 Rxh3 38. b4 Rg3+ 39.
Kh2 Rxg4 40. b5 $138 0-1

[Event "ARG-World"]
[Site "Buenos Aires"]
[Date "1994.??.??"]
[Round "6"]
[White "Cramling, Pia"]
[Black "Tempone, Marcelo"]
[Result "1-0"]
[WhiteElo "2515"]
[BlackElo "2460"]
[Annotator "Ftacnik,L"]
[PlyCount "77"]
[EventDate "1994.04.??"]
[EventType "schev"]
[EventRounds "10"]
[EventCountry "ARG"]
[SourceTitle "CBM 042"]
[Source "ChessBase"]
[SourceDate "1994.10.01"]
[SourceVersion "1"]
[SourceVersionDate "1994.10.01"]
[SourceQuality "1"]

1. d4 Nf6 2. c4 e6 3. Nf3 Bb4+ 4. Nbd2 O-O 5. a3 Bxd2+ 6. Bxd2 b6 $6 (6... Ne4
{x Bg5}) 7. Bg5 Bb7 8. e3 d6 9. Be2 Nbd7 10. O-O Qe8 11. Nd2 Ne4 12. Nxe4 Bxe4
13. f3 Bb7 14. b4 f5 15. Bh4 e5 16. Rc1 a5 17. c5 bxc5 18. dxc5 (18. bxc5 Ba6
19. Bxa6 Rxa6 20. Qb3+ Kh8 21. Qb7 $16) 18... dxc5 19. b5 Kh8 20. Qd2 Bc8 21.
Rfd1 a4 22. Rc3 Rb8 23. Rd3 Rf7 24. Rd5 Rb6 25. Bc4 g5 26. Bxg5 Rg7 27. Bh4 Qh5
28. Bg3 h6 29. Rxd7 Bxd7 $8 (29... Rxd7 30. Bxe5+ Kh7 31. Qxd7+ Bxd7 32. Rxd7+
Kg6 33. Rg7#) 30. Bxe5 Rd6 31. Bxd6 (31. Bxg7+ Kxg7 32. Qc3+ Kh7 33. Rxd6 cxd6
34. Qf6 $18) 31... cxd6 32. Qxd6 Qg5 33. g3 $6 (33. Qd2) 33... Qxe3+ 34. Kg2
Kh7 35. Qd3 Qe5 36. Rd2 Bc8 $2 37. Re2 Qa1 38. Re8 Bb7 39. Qxf5+ 1-0

[Event "Belgrade olympia hopes"]
[Site "Belgrade"]
[Date "2002.06.28"]
[Round "3"]
[White "Zivanic, Marko"]
[Black "Ilincic, Zlatko"]
[Result "1-0"]
[WhiteElo "2450"]
[BlackElo "2534"]
[Annotator "Ftacnik,L"]
[PlyCount "51"]
[EventDate "2002.06.26"]
[EventType "schev"]
[EventRounds "5"]
[EventCountry "YUG"]
[SourceTitle "CBM 091"]
[Source "ChessBase"]
[SourceDate "2002.11.12"]
[SourceVersion "1"]
[SourceVersionDate "2002.11.12"]
[SourceQuality "1"]

1. d4 Nf6 2. c4 e6 3. Nf3 Bb4+ 4. Nbd2 O-O 5. a3 Bxd2+ 6. Qxd2 b6 7. g3 Bb7 8.
Bg2 d6 9. O-O Nbd7 10. b3 Qe7 11. Bb2 Rfd8 12. Rad1 Rac8 (12... Be4 13. Qe3 c6
14. Rc1 $14) 13. d5 $5 exd5 (13... e5 14. Nh4 g6 15. Qg5 $16) 14. Nd4 c6 $2 {
Ilincic could probably have not believed, that white can generate so much
pressure with his active pieces. It was necessary to seek counterplay along
the e file with 14...Re8!} (14... Re8 $1 15. cxd5 (15. Rfe1 Ne4 16. Nf5 Nxd2
17. Nxe7+ Rxe7 18. Rxd2 Nc5 19. cxd5 Nxb3 20. Rc2 Nc5 $15) (15. Nf5 Qxe2 16.
Qg5 g6 17. Nh6+ (17. Bxf6 Nxf6 18. Qxf6 gxf5 19. Qg5+ Kh8 20. Qxf5 Qe6 21. Qxe6
fxe6 22. cxd5 exd5 23. Bxd5 Bxd5 24. Rxd5 $11) 17... Kg7 18. Bc3 Re5 19. Bxe5
Qxe5 20. Qh4 Qb2 $11) 15... Qe5 16. Ne6 Qf5 17. Nf4 $14) 15. Nf5 Qf8 (15... Qe6
16. Qg5 g6 17. Bh3 $18) 16. Qg5 Re8 (16... dxc4 17. Rxd6 Ne8 18. Ne7+ Kh8 19.
Nxc8 $18) 17. e4 $1 {[%mdl 128] Zivanic is showing the full potential of his
position, the pressure now mounts along many lines.} Rc7 $6 (17... dxe4 18.
Nxd6 $18) (17... Re6 $1 18. exd5 cxd5 19. cxd5 Re2 20. Bd4 $14) 18. Rfe1 dxe4 (
18... dxc4 19. Nxd6 Re6 20. e5 Ne8 21. Qd8 $16) 19. Rxd6 (19. Nxd6 Re6 20. Nxe4
Nxe4 21. Rxe4 f6 22. Qf5 $16) 19... Re6 (19... h6 20. Nxh6+ Kh7 21. Nf5 c5 22.
Rxd7 Rxd7 23. Bxf6 gxf6 24. Qh5+ Kg8 25. Qg4+ Kh7 26. Qh3+ Kg8 27. Nh6+ Kg7 28.
Qxd7 $18) 20. Red1 (20. Rdd1 c5 21. Bh3 $18) 20... Rxd6 21. Rxd6 (21. Nxd6 c5
22. Nf5 Bc6 23. Rxd7 Bxd7 24. Nh6+ Kh8 25. Bxf6 Rc8 26. Nf5 Bxf5 27. Be7 Qg8
28. Qxf5 $16) 21... Ne8 22. Rd1 Nc5 $2 (22... f6 23. Qg4 Bc8 24. Bxe4 (24. Qxe4
Nc5 25. Qc2 Bxf5 26. Qxf5 Nxb3 27. Bxc6 Nd6 28. Bd5+ Kh8 29. Qf3 Na5 30. Qf4
$14) 24... g6 25. Ne3 Nc5 26. Qf3 Nxe4 27. Qxe4 Kg7 $14) 23. Bxg7 $1 {The
final combination is very refreshing, black will be mated.} Nxg7 24. Rd8 Nce6 (
24... f6 25. Nh6+ Kh8 26. Rxf8#) 25. Qxg7+ $1 Nxg7 26. Nh6+ (26. Nh6+ Kh8 27.
Rxf8#) 1-0

[Event "Bundesliga 0506"]
[Site "Germany"]
[Date "2006.03.11"]
[Round "12.4"]
[White "Seel, Christian"]
[Black "Wahls, Matthias"]
[Result "0-1"]
[WhiteElo "2492"]
[BlackElo "2538"]
[Annotator "Ftacnik,L"]
[PlyCount "74"]
[EventDate "2005.10.21"]
[EventType "team-tourn"]
[EventRounds "15"]
[EventCountry "GER"]
[SourceTitle "CBM 112"]
[Source "ChessBase"]
[SourceDate "2006.06.07"]
[SourceVersion "1"]
[SourceVersionDate "2006.06.07"]
[SourceQuality "1"]
[WhiteTeam "Godesberg"]
[BlackTeam "Hamburger SK"]
[WhiteTeamCountry "GER"]
[BlackTeamCountry "GER"]

1. d4 Nf6 2. c4 e6 3. Nf3 Bb4+ 4. Nbd2 O-O 5. a3 Be7 6. e4 d5 7. e5 Nfd7 8. Qc2
c5 9. Bd3 h6 10. O-O Nc6 11. Re1 a5 12. cxd5 exd5 13. dxc5 Nxc5 14. Nb3 Nxd3 {
Wahls knows the position very well and understands the dangers of the white
light squared bishop.} (14... Qb6 15. Nxc5 Bxc5 16. h3 Re8 17. Bf4 Nd4 18. Nxd4
Bxd4 19. Re2 Bd7 20. Rd1 Rac8 21. Qd2 {1-0 Ristic,N (2410)-Nikolic,B (2285)/
Kladovo 1991/ (41)}) 15. Qxd3 Bg4 (15... a4 16. Nbd4 Nxd4 17. Nxd4 Bc5 18. Be3
Bxd4 19. Bxd4 Be6 20. Re3 Rc8 21. Rf1 Qd7 22. Rg3 $14 {1-0 Malakhatko,V (2568)
-Mazurok,A (2302)/Kiev 2000/ (33)}) 16. Nfd4 (16. Bf4 Qb6 $11) 16... a4 17. Qg3
(17. Nxc6 bxc6 18. Nd4 Qb6 $15) 17... Qc8 18. e6 $5 {Seel counters in a style
since normal continuations were were pleasant for black.} (18. Nxc6 bxc6 19.
Nd4 c5 20. Nb5 Kh8 21. Nd6 Qe6 $15) 18... Bxe6 (18... axb3 19. Nxc6 Qxc6 20.
Qxg4 Ra4 21. Qg3 Qc2 22. Bxh6 Qxb2 $15) 19. Bxh6 Bf6 20. Nxe6 fxe6 21. Nc5 Nd4
$1 22. Rac1 (22. Nd3 $2 Nf5 $19) 22... Nf5 23. Qg6 $2 (23. Qd3 $1 Nxh6 24. Nxe6
Qd7 25. Rc7 Qe8 26. Qxd5 Rf7 27. Kf1 Kh8 28. Qxb7 Qg8 29. Rxf7 Nxf7 $17) 23...
Qe8 $1 {[%mdl 32] White has fallen into the trap and black´s excellent counter
is tranferring the game into much better ending.} (23... Nxh6 24. Nxe6 Qb8 25.
Nxf8 Qxf8 26. Re2 Qf7 27. Qd3 $15) 24. Qxe8 Rfxe8 25. Bf4 (25. Bd2 Bxb2 26. Rb1
Bxa3 27. Nxe6 Bf8 28. Nxf8 Rxe1+ 29. Bxe1 Kxf8 30. Bb4+ Kg8 31. Ba3 Nd4 $19)
25... Bxb2 26. Rb1 Bxa3 27. Nxe6 (27. Nxb7 Be7 28. Rxe6 a3 29. Be5 a2 30. Ra1
Ra7 31. Nc5 Kf7 $19) 27... Bd6 28. g4 (28. Bxd6 Nxd6 29. Rb6 Ra6 30. Rxa6 bxa6
31. Kf1 Ne4 32. f3 Rxe6 33. fxe4 Rxe4 $19) 28... Nd4 {For the second time
black knight goes to d4 square with great effect.} 29. Bxd6 (29. Nxd4 Rxe1+ 30.
Rxe1 Bxf4 31. Nb5 a3 32. Ra1 a2 33. Nc3 Ra3 34. Nxa2 Bg5 $19) 29... Nf3+ $1 30.
Kg2 Nxe1+ 31. Rxe1 Ra6 32. f4 (32. Ba3 Raxe6 $19) 32... Rxd6 33. f5 a3 34. Ra1
Ra8 35. Kf3 a2 36. Nc7 Ra3+ 37. Kf4 Rb6 0-1

[Event "Griesheim GM"]
[Site "Griesheim"]
[Date "2002.01.29"]
[Round "7"]
[White "Grabarczyk, Miroslaw"]
[Black "Naiditsch, Arkadij"]
[Result "0-1"]
[WhiteElo "2495"]
[BlackElo "2532"]
[Annotator "Ftacnik,L"]
[PlyCount "80"]
[EventDate "2002.01.23"]
[EventType "tourn"]
[EventRounds "9"]
[EventCountry "GER"]
[EventCategory "12"]
[SourceTitle "CBM 088"]
[Source "ChessBase"]
[SourceDate "2002.03.21"]
[SourceVersion "1"]
[SourceVersionDate "2002.03.21"]
[SourceQuality "1"]

1. d4 Nf6 2. c4 e6 3. Nf3 Bb4+ 4. Bd2 Qe7 5. g3 Nc6 6. Nc3 Bxc3 7. Bxc3 Ne4 8.
Qc2 Nxc3 9. Qxc3 O-O 10. Bg2 d6 11. d5 Nd8 12. O-O e5 13. c5 f5 14. Rac1 Nf7
15. cxd6 cxd6 16. Qc7 {[%mdl 32] Putting the queen in front of the attacking
army is unusual, but she has the power to paralyse part of the enemy's forces.}
(16. Qb3 b6 17. Rc2 Bb7 18. Rfc1 Rac8 19. Rxc8 Rxc8 20. Rxc8+ Bxc8 21. Qc4 Bb7
22. Nh4 g6 23. e4 fxe4 24. Bxe4 Ng5 {1/2-1/2 Schandorff,L-Comp Deep Blue/
Copenhagen/1993/ (43)}) (16. Nd2 Bd7 17. Qb4 b6 18. Rc7 Rfc8 19. Rfc1 Rxc7 20.
Rxc7 Qd8 21. Rc3 Rc8 22. Nc4 Rc5 23. Nd2 Rxc3 24. Qxc3 Qc8 {1/2-1/2 Jaster,
R-Derichs,R/Mecklenburg 1994/ (34)}) (16. Qe3 Qd8 (16... Qf6 17. Rc7 b6 18. h4
Ba6 19. Ng5 Nxg5 20. hxg5 Qd8 21. Rfc1 f4 22. gxf4 Rxf4 {0-1 Pelletier,
Y-Naiditsch,A/Essen 2001/ (31)}) 17. Rc4 Qa5 18. Rfc1 Qxa2 19. Qd2 Bd7 20. Rc7
Rfd8 21. Ng5 Nxg5 22. Qxg5 Qxb2 23. Bh3 e4 24. Bxf5 Qe5 25. Rxd7 Rxd7 26. Be6+
Kf8 27. Qxe5 dxe5 28. Bxd7 {1-0 Novikov,I-Sedina,E/Saint Vincent 1998/ (34)})
16... Qf6 17. Rc4 (17. Rc3 e4 18. Ne1 b6 $15) 17... b5 18. Rc2 e4 19. Nd2 Ne5
20. Rfc1 a5 21. Qb6 (21. Nb3 f4 $1 22. Nxa5 e3 23. f3 Bf5 $17) 21... Bd7 22.
Rc7 Be8 23. Qd4 Bh5 24. f3 (24. f4 exf3 25. Bxf3 (25. exf3 f4 $15) 25... Bxf3
26. exf3 f4 $11) 24... Rae8 (24... exf3 25. Bxf3 $11) 25. f4 {The pawn
structure on the kingside is crucial as black is very well prepared for the
possible counterplay.} (25. fxe4 f4 $1 26. Rf1 g5 (26... Qg5 27. gxf4 Rxf4 28.
Rxf4 Qxf4 29. Nf3 Nf7 $14) 27. gxf4 gxf4 $13) 25... Ng4 26. Nb3 (26. Qb6 $2 Rb8
27. Qa7 Ra8 28. Qb6 Rfb8 $19) 26... a4 27. Qxf6 Nxf6 28. Nd4 Nxd5 29. Rd7 (29.
Rb7 b4 30. Rc6 Rf6 $11) 29... Rf6 (29... Rd8 30. Rb7 b4 31. Ne6 Rc8 $15) 30.
Rb7 b4 31. Ra7 (31. Rb5 $1 Bf7 32. Ra5 $13) 31... Rff8 32. Ra5 (32. Rxa4 g6 33.
Rc6 Ra8 $11) 32... Ne3 33. Rc7 $2 {Grabarczyk is asking too much from the
position, black's chances could even become dangerous.} (33. Rxa4 Rc8 34. Rxc8
Rxc8 35. Kf2 (35. Bh3 Bg4 36. Kf2 Nd1+ 37. Kg2 (37. Ke1 Nxb2 38. Bxg4 e3 $19)
37... Rc4 $13) 35... Ng4+ 36. Ke1 Ne3 37. Rxb4 Nc2+ 38. Nxc2 Rxc2 39. Bf1 e3
40. Kd1 Rd2+ 41. Ke1 Rc2 $11) 33... Rc8 34. Raa7 (34. Rxc8 Rxc8 35. Kf2 Ng4+ (
35... Nd1+ 36. Ke1 Nxb2 37. Nxf5 Rc1+ (37... Rc2 38. Nxd6 g6 39. Ra8+ Kg7 40.
Ra7+ Kf8 41. Bxe4 Rxe2+ 42. Kf1 Rd2 $15) 38. Kd2 Rd1+ 39. Kc2 Re1 40. Nxd6
Rxe2+ 41. Kb1 Kf8 42. Bxe4 g6 43. Re5 Nd1 $15) 36. Ke1 e3 37. Nc6 Kf8 38. Rxf5+
Bf7 $15) 34... Bf7 (34... Rxc7 35. Rxc7 Ra8 36. Kf2 Ng4+ 37. Ke1 g6 $17) 35. a3
(35. Rxc8 Rxc8 36. Kf2 Ng4+ 37. Ke1 g6 $17) 35... b3 36. Kf2 (36. Nb5 Rxc7 37.
Rxc7 Nc4 $19) 36... Nd1+ 37. Ke1 Nxb2 38. Nxf5 Nd3+ $1 {Small, but very fine
combination as not a single white piece is able to stop the mad "b3" pawn.} 39.
Kd2 (39. exd3 Rxc7 $1 (39... b2 40. Rcb7 Rc7 (40... Rc1+ 41. Kd2 b1=Q 42. Rxb1
Rxb1 43. Bxe4 $11) 41. Rxb2 Rxa7 42. dxe4 Rc7 43. Kd2 Rd8 44. Rb4 $11) 40. Rxc7
b2 41. Rb7 Bb3 $19) 39... Rxc7 40. Rxc7 b2 (40... b2 41. Kc2 Rb8 $19) 0-1